[Event "DEM U16w 2022"]
[Site "Willingen GER"]
[Date "2022.06.05"]
[Round "1"]
[White "Sarian, Gaya"]
[Black "Zöllner, Bente"]
[Result "0-1"]
[Termination "normal"]
[Board "9"]
[WhiteElo "1181"]
[BlackElo "1614"]
[WhiteClock "00:30:27"]
[BlackClock "00:41:40"]
[PlyCount "82"]
[WhiteFideId "16266161"]
[BlackFideId "16230523"]
[EventCountry "GER"]
[EventRounds "9"]
[EventType "swiss"]
[EventDate "2022.06.04"]

1. d4 {[%clk 1:30:55]} Nf6 {[%clk 1:30:50]} 2. c4 {[%clk 1:31:13]} e6 {[%clk
1:31:06]} 3. Nc3 {[%clk 1:31:04]} Bb4 {[%clk 1:31:21]} 4. Bd2 {[%clk 1:30:56]}
O-O {[%clk 1:31:26]} 5. Nf3 {[%clk 1:29:50]} b6 {[%clk 1:31:14]} 6. e3 {[%clk
1:29:16]} Bb7 {[%clk 1:31:06]} 7. Bd3 {[%clk 1:18:13]} d6 {[%clk 1:30:19]} 8.
Qc2 {[%clk 1:10:44]} Nbd7 {[%clk 1:27:22]} 9. a3 {[%clk 1:06:32]} Bxc3 {[%clk
1:27:31]} 10. Bxc3 {[%clk 1:06:44]} c5 {[%clk 1:26:50]} 11. Rd1 {[%clk
0:45:22]} Rc8 {[%clk 1:24:10]} 12. Ng5 {[%clk 0:30:16]} h6 {[%clk 1:22:03]} 13.
h4 {[%clk 0:17:04]} d5 {[%clk 1:12:56]} 14. dxc5 {[%clk 0:03:56]} Nxc5 {[%clk
1:01:52]} 15. Bxf6 {[%clk 0:02:12]} gxf6 {[%clk 0:56:42]} 16. Bh7+ {[%clk
0:01:12]} Kg7 {[%clk 0:54:21]} 17. Bg8 f5 {[%clk 0:48:59]} 18. Bh7 {[%clk
0:00:34]} hxg5 {[%clk 0:48:20]} 19. hxg5 {[%clk 0:00:42]} Qxg5 {[%clk 0:48:01]}
20. Rh3 {[%clk 0:00:47]} Ne4 {[%clk 0:47:10]} 21. f3 {[%clk 0:00:33]} Qxe3+
{[%clk 0:47:17]} 22. Kf1 {[%clk 0:00:40]} Rxc4 {[%clk 0:46:54]} 23. Qe2 {[%clk
0:00:34]} Qxe2+ {[%clk 0:46:40]} 24. Kxe2 {[%clk 0:01:03]} Ng5 {[%clk 0:46:50]}
25. Rg3 {[%clk 0:01:09]} Kf6 {[%clk 0:47:11]} 26. Rh1 {[%clk 0:01:07]} Nxh7
{[%clk 0:46:35]} 27. Rh6+ {[%clk 0:00:51]} Ke5 {[%clk 0:46:44]} 28. Rxh7 {[%clk
0:01:03]} Rc2+ {[%clk 0:46:52]} 29. Kd3 {[%clk 0:00:51]} Rxb2 {[%clk 0:46:29]}
30. Kc3 {[%clk 0:00:32]} Re2 {[%clk 0:46:44]} 31. Rh4 {[%clk 0:00:31]} Rc8+
{[%clk 0:46:48]} 32. Kb3 {[%clk 0:00:42]} Re3+ {[%clk 0:46:41]} 33. Kb2 {[%clk
0:00:44]} f4 {[%clk 0:44:09]} 34. Rgg4 {[%clk 0:00:36]} Rc4 {[%clk 0:43:42]}
35. Rh5+ {[%clk 0:00:35]} f5 {[%clk 0:43:06]} 36. Rg7 {[%clk 0:00:36]} Bc6
{[%clk 0:42:56]} 37. g4 {[%clk 0:00:32]} fxg3 {[%clk 0:42:17]} 38. Rxg3 {[%clk
0:00:35]} Re2+ {[%clk 0:42:03]} 39. Kb1 {[%clk 0:00:41]} Rc3 {[%clk 0:41:25]}
40. f4+ {[%clk 0:00:37]} Kd4 {[%clk 0:41:40]} 41. Rxc3 {[%clk 0:30:27]} Kxc3
0-1

[Event "DEM U16w 2022"]
[Site "Willingen GER"]
[Date "2022.06.05"]
[Round "1"]
[White "Köpnick, Amanda"]
[Black "Derling, Charlotte"]
[Result "0-1"]
[Termination "normal"]
[Board "11"]
[WhiteElo "1162"]
[BlackElo "1506"]
[WhiteClock "00:17:04"]
[BlackClock "00:23:21"]
[PlyCount "54"]
[WhiteFideId "34618538"]
[BlackFideId "16222237"]
[EventCountry "GER"]
[EventRounds "9"]
[EventType "swiss"]
[EventDate "2022.06.04"]

1. e4 {[%clk 1:30:57]} c5 {[%clk 1:30:49]} 2. Nf3 {[%clk 1:31:18]} d6 {[%clk
1:31:10]} 3. Bb5+ {[%clk 1:31:28]} Bd7 {[%clk 1:31:00]} 4. Bxd7+ {[%clk
1:31:26]} Qxd7 {[%clk 1:30:39]} 5. c4 {[%clk 1:31:09]} g6 {[%clk 1:25:16]} 6.
Nc3 {[%clk 1:28:13]} Bg7 {[%clk 1:24:02]} 7. d4 {[%clk 1:25:42]} cxd4 {[%clk
1:22:46]} 8. Nxd4 {[%clk 1:25:26]} Nc6 {[%clk 1:21:36]} 9. Be3 {[%clk 1:20:27]}
Nf6 {[%clk 1:17:46]} 10. f3 {[%clk 1:18:06]} O-O {[%clk 1:14:49]} 11. O-O
{[%clk 1:12:39]} a6 {[%clk 1:12:16]} 12. Qd2 {[%clk 1:08:43]} Rac8 {[%clk
1:09:08]} 13. b3 {[%clk 1:03:18]} Rfe8 {[%clk 1:07:53]} 14. Rad1 {[%clk
0:50:33]} Rc7 {[%clk 0:55:36]} 15. Nd5 {[%clk 0:43:22]} Nxd5 {[%clk 0:51:16]}
16. exd5 {[%clk 0:43:20]} Nxd4 {[%clk 0:43:59]} 17. Bxd4 {[%clk 0:43:15]} Bxd4+
{[%clk 0:38:34]} 18. Qxd4 {[%clk 0:43:15]} b5 {[%clk 0:37:57]} 19. Rc1 {[%clk
0:40:11]} Rec8 {[%clk 0:34:01]} 20. Rf2 {[%clk 0:38:13]} Rc5 {[%clk 0:29:45]}
21. a3 {[%clk 0:35:10]} bxc4 {[%clk 0:27:05]} 22. b4 {[%clk 0:20:02]} R5c7
{[%clk 0:26:38]} 23. Rfc2 {[%clk 0:19:40]} Qb5 {[%clk 0:25:40]} 24. Rc3 {[%clk
0:18:31]} a5 {[%clk 0:23:25]} 25. bxa5 {[%clk 0:17:14]} Qxa5 {[%clk 0:23:29]}
26. Rxc4 {[%clk 0:16:46]} Rxc4 {[%clk 0:23:21]} 27. Rxc4 {[%clk 0:17:04]} Qe1#
0-1

[Event "DEM U16w 2022"]
[Site "Willingen GER"]
[Date "2022.06.05"]
[Round "1"]
[White "Petersen, Sophie"]
[Black "Einacker, Anika"]
[Result "1-0"]
[Termination "normal"]
[Board "12"]
[WhiteElo "1653"]
[BlackElo "1160"]
[WhiteClock "00:08:11"]
[BlackClock "00:05:30"]
[PlyCount "73"]
[WhiteFideId "16229380"]
[BlackFideId "34620591"]
[EventCountry "GER"]
[EventRounds "9"]
[EventType "swiss"]
[EventDate "2022.06.04"]

1. e4 {[%clk 1:30:56]} c5 {[%clk 1:30:56]} 2. Nf3 {[%clk 1:31:21]} e6 {[%clk
1:31:18]} 3. d4 {[%clk 1:31:44]} cxd4 {[%clk 1:31:41]} 4. Nxd4 {[%clk 1:32:08]}
a6 {[%clk 1:31:52]} 5. Bd3 {[%clk 1:31:42]} Qc7 {[%clk 1:30:53]} 6. f4 {[%clk
1:29:27]} Bc5 {[%clk 1:16:50]} 7. Nb3 {[%clk 1:28:41]} Ba7 {[%clk 1:16:23]} 8.
Nc3 {[%clk 1:28:16]} b5 {[%clk 1:16:18]} 9. a3 {[%clk 1:23:12]} Ne7 {[%clk
1:11:27]} 10. Qe2 {[%clk 1:18:57]} Nbc6 {[%clk 1:05:17]} 11. Bd2 {[%clk
1:07:11]} O-O {[%clk 1:01:07]} 12. Rf1 {[%clk 0:58:16]} d6 {[%clk 0:51:27]} 13.
g4 {[%clk 0:48:24]} Nd4 {[%clk 0:43:41]} 14. Nxd4 {[%clk 0:45:46]} Bxd4 {[%clk
0:43:44]} 15. e5 {[%clk 0:41:00]} Bb7 {[%clk 0:37:45]} 16. exd6 {[%clk
0:34:41]} Qxd6 {[%clk 0:35:56]} 17. Ne4 {[%clk 0:31:29]} Qd7 {[%clk 0:27:39]}
18. c3 {[%clk 0:31:11]} Bb6 {[%clk 0:27:43]} 19. f5 {[%clk 0:24:16]} Rad8
{[%clk 0:23:08]} 20. Bc2 {[%clk 0:23:34]} Qc6 {[%clk 0:16:04]} 21. fxe6 {[%clk
0:19:24]} f6 {[%clk 0:15:08]} 22. Ng3 {[%clk 0:17:03]} Rde8 {[%clk 0:13:00]}
23. Nf5 {[%clk 0:15:13]} Ng6 {[%clk 0:12:23]} 24. e7 {[%clk 0:15:00]} Rf7
{[%clk 0:12:04]} 25. Bb3 {[%clk 0:14:46]} Bc5 {[%clk 0:10:51]} 26. Bxf7+ {[%clk
0:13:32]} Kxf7 {[%clk 0:11:12]} 27. g5 {[%clk 0:11:39]} Nxe7 {[%clk 0:10:00]}
28. Nh6+ {[%clk 0:10:38]} Kf8 {[%clk 0:08:16]} 29. O-O-O {[%clk 0:10:06]} Ng8
{[%clk 0:08:22]} 30. Qh5 {[%clk 0:09:34]} g6 {[%clk 0:07:21]} 31. Qh4 {[%clk
0:09:44]} f5 {[%clk 0:07:10]} 32. Nxf5 {[%clk 0:08:25]} gxf5 {[%clk 0:06:30]}
33. Rxf5+ {[%clk 0:08:42]} Kg7 {[%clk 0:06:35]} 34. Rdf1 {[%clk 0:08:27]} Re7
{[%clk 0:06:24]} 35. Qh5 {[%clk 0:08:03]} Qg6 {[%clk 0:06:16]} 36. Qxg6+ {[%clk
0:07:48]} hxg6 {[%clk 0:05:30]} 37. Rxc5 {[%clk 0:08:11]} 1-0

[Event "DEM U16w 2022"]
[Site "Willingen GER"]
[Date "2022.06.05"]
[Round "2"]
[White "Zöllner, Bente"]
[Black "Pohle, Saskia"]
[Result "1/2-1/2"]
[Termination "normal"]
[Board "1"]
[WhiteElo "1614"]
[BlackElo "1827"]
[WhiteClock "00:06:28"]
[BlackClock "00:20:44"]
[PlyCount "76"]
[WhiteFideId "16230523"]
[BlackFideId "16201604"]
[EventCountry "GER"]
[EventRounds "9"]
[EventType "swiss"]
[EventDate "2022.06.04"]

1. d4 {[%clk 1:30:57]} Nf6 {[%clk 1:30:56]} 2. Nf3 {[%clk 1:31:18]} e6 {[%clk
1:31:22]} 3. c4 {[%clk 1:31:39]} d5 {[%clk 1:29:27]} 4. Nc3 {[%clk 1:31:47]}
Be7 {[%clk 1:28:42]} 5. Bg5 {[%clk 1:31:43]} O-O {[%clk 1:27:51]} 6. e3 {[%clk
1:31:30]} h6 {[%clk 1:23:00]} 7. Bh4 {[%clk 1:30:21]} b6 {[%clk 1:22:30]} 8.
cxd5 {[%clk 1:27:36]} Nxd5 {[%clk 1:20:08]} 9. Bxe7 {[%clk 1:25:24]} Nxe7
{[%clk 1:19:23]} 10. Bd3 {[%clk 1:24:49]} Bb7 {[%clk 1:19:22]} 11. Be4 {[%clk
1:22:10]} Bxe4 {[%clk 1:15:23]} 12. Nxe4 {[%clk 1:22:09]} Nd7 {[%clk 1:15:48]}
13. Rc1 {[%clk 1:20:14]} Nd5 {[%clk 1:15:29]} 14. O-O {[%clk 1:19:36]} Qe7
{[%clk 1:11:13]} 15. Nc3 {[%clk 1:10:08]} Nxc3 {[%clk 1:08:28]} 16. Rxc3 {[%clk
1:07:37]} c5 {[%clk 1:07:22]} 17. dxc5 {[%clk 1:02:46]} Nxc5 {[%clk 1:07:02]}
18. Qc2 {[%clk 1:01:15]} Rfd8 {[%clk 0:58:04]} 19. Ne5 {[%clk 0:57:34]} Rd5
{[%clk 0:50:41]} 20. Nc6 {[%clk 0:49:48]} Qd7 {[%clk 0:50:23]} 21. Nd4 {[%clk
0:46:11]} Rd8 {[%clk 0:48:42]} 22. b4 {[%clk 0:44:25]} Na6 {[%clk 0:47:19]} 23.
Nc6 {[%clk 0:39:39]} Re8 {[%clk 0:45:02]} 24. Qa4 {[%clk 0:34:56]} Qb7 {[%clk
0:37:51]} 25. Na5 {[%clk 0:24:58]} Qe7 {[%clk 0:35:21]} 26. Nc6 {[%clk
0:21:22]} Qb7 {[%clk 0:32:54]} 27. b5 {[%clk 0:11:35]} Nc7 {[%clk 0:31:56]} 28.
Qxa7 {[%clk 0:10:36]} Qxa7 {[%clk 0:32:13]} 29. Nxa7 {[%clk 0:11:01]} Nxb5
{[%clk 0:32:33]} 30. Nxb5 {[%clk 0:11:16]} Rxb5 {[%clk 0:32:57]} 31. Rd1 {[%clk
0:11:10]} Ra8 {[%clk 0:32:23]} 32. a3 {[%clk 0:10:53]} Rba5 {[%clk 0:32:09]}
33. Rdd3 {[%clk 0:10:24]} b5 {[%clk 0:31:02]} 34. Kf1 {[%clk 0:09:27]} Ra4
{[%clk 0:25:35]} 35. Rb3 {[%clk 0:09:06]} Rb8 {[%clk 0:23:34]} 36. Rd4 {[%clk
0:08:57]} Rxd4 {[%clk 0:21:22]} 37. exd4 {[%clk 0:09:08]} Ra8 {[%clk 0:21:16]}
38. Ke2 {[%clk 0:06:28]} Kf8 {[%clk 0:20:44]} 1/2-1/2

[Event "DEM U16w 2022"]
[Site "Willingen GER"]
[Date "2022.06.05"]
[Round "2"]
[White "Werner, Rosalie"]
[Black "von Beckh, Frieda"]
[Result "1-0"]
[Termination "normal"]
[Board "2"]
[WhiteElo "1706"]
[BlackElo "1651"]
[WhiteClock "00:03:20"]
[BlackClock "00:32:12"]
[PlyCount "89"]
[WhiteFideId "16223748"]
[BlackFideId "16233751"]
[EventCountry "GER"]
[EventRounds "9"]
[EventType "swiss"]
[EventDate "2022.06.04"]

1. e4 {[%clk 1:30:57]} c5 {[%clk 1:30:56]} 2. Nf3 {[%clk 1:31:22]} Nf6 {[%clk
1:31:22]} 3. e5 {[%clk 1:30:47]} Nd5 {[%clk 1:31:43]} 4. Nc3 {[%clk 1:29:45]}
e6 {[%clk 1:30:46]} 5. Nxd5 {[%clk 1:28:32]} exd5 {[%clk 1:31:08]} 6. d4 {[%clk
1:28:09]} d6 {[%clk 1:25:56]} 7. exd6 {[%clk 1:13:19]} c4 {[%clk 1:15:33]} 8.
Bf4 {[%clk 0:58:29]} Bxd6 {[%clk 1:14:33]} 9. Bxd6 {[%clk 0:55:21]} Qxd6 {[%clk
1:14:55]} 10. Qe2+ {[%clk 0:47:05]} Be6 {[%clk 1:14:13]} 11. g3 {[%clk
0:45:46]} O-O {[%clk 1:13:20]} 12. Bg2 {[%clk 0:45:44]} Nc6 {[%clk 1:12:55]}
13. Qd2 {[%clk 0:40:40]} Bf5 {[%clk 1:11:55]} 14. O-O {[%clk 0:39:52]} Be4
{[%clk 1:07:59]} 15. Nh4 {[%clk 0:35:00]} Bxg2 {[%clk 1:04:20]} 16. Nxg2 {[%clk
0:34:16]} f5 {[%clk 0:59:19]} 17. c3 {[%clk 0:30:34]} Rae8 {[%clk 0:51:56]} 18.
Rae1 {[%clk 0:26:26]} Re4 {[%clk 0:48:22]} 19. f3 {[%clk 0:25:44]} Rxe1 {[%clk
0:48:46]} 20. Rxe1 {[%clk 0:25:08]} b5 {[%clk 0:47:54]} 21. a3 {[%clk 0:19:53]}
a5 {[%clk 0:46:28]} 22. Qe3 {[%clk 0:16:28]} Kf7 {[%clk 0:45:52]} 23. Nf4
{[%clk 0:15:37]} g5 {[%clk 0:39:01]} 24. Ne6 {[%clk 0:06:52]} Rg8 {[%clk
0:38:59]} 25. Nxg5+ {[%clk 0:06:58]} Kg7 {[%clk 0:38:48]} 26. Qe6 {[%clk
0:06:29]} Qxe6 {[%clk 0:36:53]} 27. Nxe6+ {[%clk 0:05:57]} Kf7 {[%clk 0:36:11]}
28. Nc7 {[%clk 0:05:55]} f4 {[%clk 0:35:40]} 29. Kf2 {[%clk 0:05:44]} fxg3+
{[%clk 0:35:29]} 30. hxg3 {[%clk 0:06:07]} Ne7 {[%clk 0:34:51]} 31. Nxb5 {[%clk
0:06:11]} Rb8 {[%clk 0:34:28]} 32. a4 {[%clk 0:02:45]} Ng6 {[%clk 0:33:56]} 33.
f4 {[%clk 0:02:21]} Kf6 {[%clk 0:32:06]} 34. Kf3 {[%clk 0:02:18]} h5 {[%clk
0:32:10]} 35. Rh1 {[%clk 0:01:52]} h4 {[%clk 0:31:29]} 36. g4 {[%clk 0:01:14]}
Rh8 {[%clk 0:31:11]} 37. g5+ {[%clk 0:00:58]} Kf5 {[%clk 0:31:24]} 38. Nd6+
{[%clk 0:01:03]} Ke6 {[%clk 0:31:46]} 39. f5+ {[%clk 0:01:20]} Kxd6 {[%clk
0:32:07]} 40. fxg6 {[%clk 0:01:42]} Ke6 {[%clk 0:31:32]} 41. Kg4 {[%clk
0:01:55]} Rg8 {[%clk 0:31:09]} 42. Rxh4 {[%clk 0:02:17]} Rxg6 {[%clk 0:31:30]}
43. Rh6 {[%clk 0:02:42]} Kf7 {[%clk 0:31:46]} 44. Rxg6 {[%clk 0:02:56]} Kxg6
{[%clk 0:32:12]} 45. Kf4 {[%clk 0:03:20]} 1-0

[Event "DEM U16w 2022"]
[Site "Willingen GER"]
[Date "2022.06.05"]
[Round "2"]
[White "Derling, Charlotte"]
[Black "Sereda, Yaroslava"]
[Result "0-1"]
[Termination "normal"]
[Board "3"]
[WhiteElo "1506"]
[BlackElo "1698"]
[WhiteClock "00:04:05"]
[BlackClock "00:03:57"]
[PlyCount "146"]
[WhiteFideId "16222237"]
[BlackFideId "14178940"]
[EventCountry "GER"]
[EventRounds "9"]
[EventType "swiss"]
[EventDate "2022.06.04"]

1. e4 {[%clk 1:30:55]} c5 {[%clk 1:30:53]} 2. Nf3 {[%clk 1:31:14]} Nc6 {[%clk
1:31:13]} 3. d4 {[%clk 1:31:17]} cxd4 {[%clk 1:31:32]} 4. Nxd4 {[%clk 1:31:39]}
g6 {[%clk 1:31:47]} 5. c4 {[%clk 1:31:17]} Bg7 {[%clk 1:32:02]} 6. Nc2 {[%clk
1:31:05]} Nf6 {[%clk 1:31:12]} 7. Nc3 {[%clk 1:30:53]} d6 {[%clk 1:30:08]} 8.
Be2 {[%clk 1:30:28]} O-O {[%clk 1:27:44]} 9. O-O {[%clk 1:30:13]} Nd7 {[%clk
1:15:22]} 10. Bd2 {[%clk 1:28:46]} a5 {[%clk 1:10:41]} 11. Ne3 {[%clk 1:19:59]}
Nc5 {[%clk 1:09:27]} 12. f3 {[%clk 1:18:27]} Nd4 {[%clk 1:02:01]} 13. Ned5
{[%clk 1:11:51]} e6 {[%clk 0:52:32]} 14. Ne3 {[%clk 1:10:04]} Bd7 {[%clk
0:50:21]} 15. Nc2 {[%clk 1:05:05]} Nxe2+ {[%clk 0:34:45]} 16. Qxe2 {[%clk
1:04:16]} Qb6 {[%clk 0:34:22]} 17. Ne3 {[%clk 0:52:31]} Na6 {[%clk 0:28:47]}
18. Kh1 {[%clk 0:46:06]} Bc6 {[%clk 0:27:06]} 19. Rab1 {[%clk 0:41:14]} Nc7
{[%clk 0:24:38]} 20. Rfd1 {[%clk 0:36:20]} Qa6 {[%clk 0:20:04]} 21. Be1 {[%clk
0:30:20]} Rfd8 {[%clk 0:17:46]} 22. Bg3 {[%clk 0:25:49]} Be8 {[%clk 0:12:02]}
23. Qc2 {[%clk 0:17:38]} b5 {[%clk 0:07:38]} 24. c5 {[%clk 0:16:36]} e5 {[%clk
0:06:46]} 25. Bh4 {[%clk 0:14:01]} Rd7 {[%clk 0:05:24]} 26. Ncd5 {[%clk
0:12:32]} dxc5 {[%clk 0:04:24]} 27. Qxc5 {[%clk 0:11:32]} Ne6 {[%clk 0:03:17]}
28. Qb6 {[%clk 0:10:47]} g5 {[%clk 0:02:07]} 29. Be1 {[%clk 0:08:54]} Nd4
{[%clk 0:01:45]} 30. Qxa6 {[%clk 0:08:11]} Rxa6 {[%clk 0:02:09]} 31. Rbc1
{[%clk 0:07:54]} Rd8 {[%clk 0:01:59]} 32. Nc7 {[%clk 0:06:37]} Ra7 {[%clk
0:01:48]} 33. Ng4 {[%clk 0:05:03]} h5 {[%clk 0:01:33]} 34. Ne3 {[%clk 0:04:55]}
Bc6 {[%clk 0:01:21]} 35. Ned5 {[%clk 0:03:47]} Bxd5 {[%clk 0:01:13]} 36. Nxd5
{[%clk 0:03:57]} f5 {[%clk 0:00:51]} 37. Ne3 {[%clk 0:02:50]} fxe4 {[%clk
0:00:55]} 38. fxe4 {[%clk 0:02:58]} Rf8 {[%clk 0:01:03]} 39. Bc3 {[%clk
0:02:01]} Rf2 {[%clk 0:00:41]} 40. Rd2 {[%clk 0:00:57]} Rf4 {[%clk 0:00:45]}
41. Bxd4 {[%clk 0:22:23]} exd4 {[%clk 0:30:44]} 42. Nf5 {[%clk 0:19:48]} Rc7
{[%clk 0:18:16]} 43. Rcd1 {[%clk 0:17:17]} Rxe4 {[%clk 0:12:17]} 44. Nd6 {[%clk
0:15:57]} Re5 {[%clk 0:07:43]} 45. Rxd4 {[%clk 0:14:36]} Rce7 {[%clk 0:06:31]}
46. Rf1 {[%clk 0:11:29]} Re1 {[%clk 0:02:31]} 47. Rd1 {[%clk 0:11:35]} Rxd1
{[%clk 0:02:44]} 48. Rxd1 {[%clk 0:11:56]} Rd7 {[%clk 0:02:49]} 49. Rd5 {[%clk
0:10:24]} Kh7 {[%clk 0:00:53]} 50. Rd2 {[%clk 0:09:55]} Be5 {[%clk 0:00:43]}
51. Ne4 {[%clk 0:09:44]} Rxd2 {[%clk 0:01:08]} 52. Nxd2 {[%clk 0:10:06]} Bxb2
{[%clk 0:01:33]} 53. g3 {[%clk 0:10:11]} a4 {[%clk 0:01:12]} 54. Kg2 {[%clk
0:07:32]} b4 {[%clk 0:00:49]} 55. Kf3 {[%clk 0:07:06]} Bc1 {[%clk 0:00:42]} 56.
Ne4 {[%clk 0:05:55]} Kg6 {[%clk 0:00:39]} 57. Nc5 {[%clk 0:05:39]} b3 {[%clk
0:00:44]} 58. axb3 {[%clk 0:05:16]} a3 {[%clk 0:01:02]} 59. b4 {[%clk 0:05:31]}
a2 {[%clk 0:01:02]} 60. Nb3 {[%clk 0:05:43]} Bb2 {[%clk 0:01:13]} 61. b5 {[%clk
0:05:39]} Kf5 {[%clk 0:00:41]} 62. b6 {[%clk 0:05:15]} a1=Q {[%clk 0:00:54]}
63. Nxa1 {[%clk 0:05:40]} Bxa1 {[%clk 0:01:19]} 64. b7 {[%clk 0:05:16]} Be5
{[%clk 0:01:44]} 65. h3 {[%clk 0:04:33]} g4+ {[%clk 0:01:51]} 66. Kg2 {[%clk
0:04:05]} Ke4 {[%clk 0:02:05]} 67. Kf2 {[%clk 0:03:29]} Kd3 {[%clk 0:02:09]}
68. Kg2 {[%clk 0:03:19]} Ke2 {[%clk 0:02:24]} 69. hxg4 {[%clk 0:03:09]} hxg4
{[%clk 0:02:49]} 70. Kh2 {[%clk 0:03:08]} Kf2 {[%clk 0:03:03]} 71. Kh1 {[%clk
0:03:26]} Kxg3 {[%clk 0:03:26]} 72. Kg1 {[%clk 0:03:44]} Kh3 {[%clk 0:03:37]}
73. Kh1 {[%clk 0:04:05]} g3 {[%clk 0:03:57]} 0-1

[Event "DEM U16w 2022"]
[Site "Willingen GER"]
[Date "2022.06.05"]
[Round "2"]
[White "Voigt, Anastasia"]
[Black "Petersen, Sophie"]
[Result "1-0"]
[Termination "normal"]
[Board "4"]
[WhiteElo "1665"]
[BlackElo "1653"]
[WhiteClock "00:06:22"]
[BlackClock "00:01:23"]
[PlyCount "143"]
[WhiteFideId "16235223"]
[BlackFideId "16229380"]
[EventCountry "GER"]
[EventRounds "9"]
[EventType "swiss"]
[EventDate "2022.06.04"]

1. e4 {[%clk 1:30:59]} c5 {[%clk 1:30:55]} 2. Nf3 {[%clk 1:31:24]} Nf6 {[%clk
1:31:19]} 3. Nc3 {[%clk 1:29:13]} d5 {[%clk 1:31:02]} 4. e5 {[%clk 1:21:08]}
Nfd7 {[%clk 1:31:22]} 5. Nxd5 {[%clk 1:08:15]} Nxe5 {[%clk 1:30:07]} 6. Nc3
{[%clk 1:08:32]} Nbc6 {[%clk 1:28:20]} 7. Nxe5 {[%clk 1:04:52]} Nxe5 {[%clk
1:28:10]} 8. Bb5+ {[%clk 1:03:53]} Bd7 {[%clk 1:26:14]} 9. Qe2 {[%clk 0:55:38]}
Nc6 {[%clk 1:22:12]} 10. Ne4 {[%clk 0:47:39]} e6 {[%clk 1:16:52]} 11. c3 {[%clk
0:41:57]} a6 {[%clk 1:15:40]} 12. Ba4 {[%clk 0:41:59]} b5 {[%clk 1:08:59]} 13.
Bc2 {[%clk 0:42:14]} Be7 {[%clk 1:08:26]} 14. O-O {[%clk 0:41:34]} O-O {[%clk
0:57:51]} 15. Qh5 {[%clk 0:39:14]} f5 {[%clk 0:55:24]} 16. Ng3 {[%clk 0:37:26]}
g6 {[%clk 0:49:44]} 17. Qe2 {[%clk 0:35:04]} e5 {[%clk 0:48:01]} 18. d3 {[%clk
0:34:03]} Qc7 {[%clk 0:36:55]} 19. Re1 {[%clk 0:33:19]} Bf6 {[%clk 0:34:33]}
20. Nf1 {[%clk 0:30:45]} Rae8 {[%clk 0:31:03]} 21. Ne3 {[%clk 0:26:11]} Nd4
{[%clk 0:24:05]} 22. Qd1 {[%clk 0:19:58]} Nxc2 {[%clk 0:22:28]} 23. Nd5 {[%clk
0:18:59]} Qd6 {[%clk 0:21:40]} 24. Nxf6+ {[%clk 0:19:19]} Qxf6 {[%clk 0:21:49]}
25. Qxc2 {[%clk 0:19:40]} f4 {[%clk 0:21:04]} 26. f3 {[%clk 0:19:24]} Bf5
{[%clk 0:19:47]} 27. Qe2 {[%clk 0:16:19]} Qb6 {[%clk 0:16:06]} 28. Kh1 {[%clk
0:15:42]} Re6 {[%clk 0:13:05]} 29. b3 {[%clk 0:13:58]} Rd8 {[%clk 0:11:46]} 30.
Rd1 {[%clk 0:13:45]} Rdd6 {[%clk 0:08:27]} 31. Bb2 {[%clk 0:11:46]} Qd8 {[%clk
0:07:42]} 32. Qf2 {[%clk 0:10:09]} Rxd3 {[%clk 0:07:20]} 33. Rxd3 {[%clk
0:10:11]} Qxd3 {[%clk 0:07:44]} 34. Qxc5 {[%clk 0:09:33]} Rd6 {[%clk 0:07:44]}
35. Qxe5 {[%clk 0:08:10]} Qd1+ {[%clk 0:05:37]} 36. Qe1 {[%clk 0:08:33]} Qxe1+
{[%clk 0:06:05]} 37. Rxe1 {[%clk 0:08:55]} Rd2 {[%clk 0:06:19]} 38. Bc1 {[%clk
0:06:17]} Rxa2 {[%clk 0:05:44]} 39. Bxf4 {[%clk 0:06:01]} Kf7 {[%clk 0:05:20]}
40. h3 {[%clk 0:03:50]} Be6 {[%clk 0:04:21]} 41. b4 {[%clk 0:03:35]} Rc2 {[%clk
0:03:09]} 42. Be5 {[%clk 0:03:45]} Ra2 {[%clk 0:01:16]} 43. Kh2 {[%clk
0:03:09]} a5 {[%clk 0:00:32]} 44. bxa5 {[%clk 0:03:07]} Rxa5 {[%clk 0:29:56]}
45. Bd6 {[%clk 0:32:59]} Ra8 {[%clk 0:28:01]} 46. g4 {[%clk 0:32:51]} Rc8
{[%clk 0:22:54]} 47. Bb4 {[%clk 0:32:58]} Rc4 {[%clk 0:21:34]} 48. Re5 {[%clk
0:33:00]} Rc8 {[%clk 0:13:05]} 49. Rxb5 {[%clk 0:33:13]} Bc4 {[%clk 0:11:49]}
50. Ra5 {[%clk 0:32:06]} Rc7 {[%clk 0:10:32]} 51. Bc5 {[%clk 0:31:13]} Rb7
{[%clk 0:08:37]} 52. Bd4 {[%clk 0:31:04]} Bb5 {[%clk 0:07:35]} 53. Kg3 Bd3
{[%clk 0:06:40]} 54. Rc5 {[%clk 0:29:49]} Rd7 {[%clk 0:05:24]} 55. Rc8 {[%clk
0:29:28]} Ke6 {[%clk 0:04:16]} 56. Kf4 {[%clk 0:24:28]} Rf7+ {[%clk 0:04:02]}
57. Ke3 {[%clk 0:23:29]} Bf1 {[%clk 0:04:01]} 58. h4 {[%clk 0:23:34]} Bg2
{[%clk 0:03:22]} 59. f4 {[%clk 0:23:10]} Kd7 {[%clk 0:02:53]} 60. Rc5 {[%clk
0:23:04]} Bc6 {[%clk 0:02:33]} 61. Ra5 {[%clk 0:22:56]} Ke8 {[%clk 0:01:45]}
62. c4 {[%clk 0:22:11]} Re7+ {[%clk 0:01:42]} 63. Be5 {[%clk 0:22:11]} Rd7
{[%clk 0:01:10]} 64. c5 {[%clk 0:21:49]} Rd5 {[%clk 0:01:22]} 65. Bd6 {[%clk
0:18:46]} h5 {[%clk 0:01:15]} 66. g5 {[%clk 0:17:01]} Kd7 {[%clk 0:01:06]} 67.
Ra7+ {[%clk 0:12:47]} Ke6 {[%clk 0:00:52]} 68. Rc7 {[%clk 0:12:33]} Bd7 {[%clk
0:00:46]} 69. Bf8 {[%clk 0:06:10]} Bb5 {[%clk 0:00:43]} 70. c6 {[%clk 0:05:59]}
Rd1 {[%clk 0:01:07]} 71. Re7+ {[%clk 0:06:10]} Kf5 {[%clk 0:01:23]} 72. Re5+
{[%clk 0:06:22]} 1-0